Culture Générale - Clic Quiz - La réponse est un pays d'Europe - Statistiques

Statistiques générales
  • Ce quiz a été pris 259 fois
  • Le résultat moyen est 16 sur 50
Statistiques - réponses
Hint Réponse % Correct
Son drapeau est constitué d'un fond rouge avec un aigle noir à deux têtes en son centre Albanie
72%
Possède des frontières terrestres avec le Brésil et le Suriname France
71%
Souvent confondu avec l'Etat Américain qui a pour capitale Atlanta Géorgie
67%
Terme de cuisine française qui désigne une salade mélangeant différents légumes, ou fruits, taillés en cubes d'environ un demi-cm de côté Macédoine*
65%
Pays d'origine de Charles Aznavour dont il a obtenu la nationalité seulement en 2008 Arménie
64%
Pays qui s'est incliné 4 à 2 face à la France en finale de coupe du Monde de Football 2018 Croatie
64%
Pays où se trouve le château de Bran situé en Transylvanie, berceau de la légende du comte Dracula Roumanie
62%
Boisson alcoolisée, constituée de bière mélangée à du sirop de grenadine ainsi que de la limonade Monaco
60%
Hors tourisme, les langues les plus parlées sont le catalan (58,3 % des conversations), l'espagnol (37,3 %), le portugais (3,5 %) et le français (2,2 %) Andorre
54%
Seul pays de cette liste qui ne peut absolument pas gagner la Coupe du Monde de Football ni être champion olympique Vatican
52%
Pays du pape Jean-Paul II (avant son arrivée au Vatican) Pologne
51%
Dans le refrain de sa chanson Rue de la paix de 2001, "où est ce que Zazie achète un château" ? Espagne
49%
Complète le nom du 5e roman d'espionnage de l'écrivain britannique Ian Fleming mettant en scène James Bond : "Bons Baisers .. _______" Russie
46%
Fut annexé par l'Allemagne nazie en 1938 devenant alors une division de cette dernière Autriche
43%
N’est reconnu ni par l’ONU, ni par l’UE mais est reconnu par la FIFA et le CIO Kosovo
42%
Symbole des Hospitaliers de l'ordre de Saint-Jean de Jérusalem. Est utilisée depuis comme symbole religieux, honorifique ou national : Croix de ________ Malte
42%
Porte de Paris située dans le 13e arrondissement à la limite du quartier asiatique de Paris et du quartier de la Maison-Blanche. Italie
41%
Pays qui compte 41 parcs nationaux, dont 7 dans l'archipel du Svalbard Norvège
35%
Pays qui a pour hymne "Dievs, Sveti Latviju" Lettonie
34%
Pays du constructeur automobile Škoda Auto Tchéquie
34%
Tiraspol et Bălți accompagnent sa capitale sur le podium de ses plus grandes villes Moldavie
33%
Pays de la musicienne, chanteuse, auteure-compositrice-interprète, productrice, DJ et actrice Björk Islande
32%
Province belge de la Région wallonne (295 146 hab. en 2024) :Province .. _________ Luxembourg
31%
Frederik X en est le Roi depuis le le 14 janvier 2024 Danemark
29%
Pays du Ballon d'or de 1967 Flórián Albert, décrit comme l'un des footballeurs les plus élégants de tous les temps Hongrie
28%
A aussi une ville importante nommé Brest, 350 616 habitants en 2019 Bélarus
27%
Complète le nom de la région naturelle de Normandie, à cheval sur le Calvados et l’Orne qui fait référence aux paysages : _______ normande Suisse
27%
Une des quatre provinces (avec la Gaule aquitaine, lyonnaise et narbonnaise) créées par Auguste à partir des conquêtes de Jules César entre 58 et 51/50 av. J.-C : Gaule ________ Belgique
26%
Théâtre de la Révolution orange (série de manifs politiques à la suite de la proclamation du résultat du 2e tour de l'élection présidentielle fin 2004) Ukraine
26%
A remporté l'Eurovision en 2006 avec le groupe Lordi qui a chanté Hard Rock Hallelujah Finlande
25%
En dehors de sa capitale, au-delà de 40000 habitants : on peut citer Tartu, Narva, Kohtla-Järve et Pärnu Estonie
23%
Grand Prix de Formule 1 fatal à Ayrton Senna Saint-Marin
22%
Pays qui a pour sommet Le Triglav qui est aussi le point culminant des Alpes juliennes (2 864 mètres) Slovénie
22%
Cuir dont le côté chair utilisé à l'extérieur a été poncé de façon à prendre un aspect velouté Suède
22%
Groupement de recherche et d'études pour la civilisation européenne Grèce
21%
Sa devise est "Dieu et mon droit" Royaume-Uni
21%
Pays dont les autorités ont été choqués par le film d'horreur Hostel (2005) qui le présentait comme un pays totalement dépravé alors même qu'il était tourné en Tchèquie.... Slovaquie
21%
Complète le nom de la province de Papouasie-Nouvelle-Guinée de 9 600 km2 et de 161 165 hab. (2011) faisant partie de la région des Îles : Nouvelle-________ Irlande
20%
Son aéroport le plus fréquenté est l’aéroport Nikola-Tesla situé dans sa capitale Serbie
19%
Pays où Dalia Grybauskaitė a été présidente de la République durant 10 ans (12 juillet 2009 – 12 juillet 2019) Lituanie
18%
Parfum à base de bergamote et de santal Chypre
15%
A pour seule et unique chaîne de télévision la société privée 1FLTV créée en 2008 Liechtenstein
15%
Pays où se déroule le film Taken 2 sorti en 2012. Turquie
14%
Complète le nom du groupe de rock américain originaire de Wasilla en Alaska qui a connu du succès notamment en 2017 : ________. The Man Portugal
13%
6e au classement des médailles des Jeux Olympiques d'hiver de Pékin 2022 et d'été de Paris 2024 (par médailles d'or) Pays-Bas
12%
Lieu (dans l'histoire du film) où une partie de poker à 10 avec dix millions de cave est organisé dans le film Casino Royale de 2006 Monténégro
11%
Nom porté jusqu'en 1916 par Fleury-sur-Orne, commune du département du Calvados Allemagne
10%
A remporté l'Eurovision en 2011 avec la chanson Running Scared du duo Ell et Nikki Azerbaïdjan
8%
Son unité monétaire est le mark convertible depuis 1998 Bosnie-H..*
8%
Champignon forestier saprotrophe, très courant dans toute l'Europe, poussant sur l'écorce des Chênes abattus, plus rarement sur d'autres feuillus : ________ salissante (ou noire) Bulgarie
5%
Aucun quiz correspondant
Distribution des résultats
% des personnes avec chaque résultat
Percentile par nombre de réponses
Votre historique - résultats
Vous n’avez pas pris ce quiz